|
|
|
|
| LEADER |
00000nab a2200000 a 4500 |
| 001 |
vtls000583039 |
| 003 |
SK-MaSNL |
| 005 |
20260501122436.0 |
| 008 |
250425c1995 xo 0 slo |
| 015 |
|
|
|a SNBRB19rr/mm-uuuuu
|
| 035 |
|
|
|a CL0583178
|
| 035 |
|
|
|a urn:nbn:sk:snk-abak86
|
| 035 |
|
|
|a (urnnbn)urn:nbn:sk:snk:ar-a09z3b
|
| 035 |
|
|
|a (uuid)5cb0de6e-748a-48d3-af93-97952a1c0166
|
| 040 |
|
|
|a SNKBUCL
|b slo
|c SNKBUCL
|e AACR2
|
| 041 |
0 |
|
|a slo
|
| 044 |
|
|
|a xo
|c SK
|
| 080 |
|
|
|a 665.7.038.64:661.72
|2 1981
|
| 080 |
|
|
|a 661.72
|2 1981
|
| 100 |
|
|
|a Fančovič, Karol
|4 aut
|9 558875
|
| 245 |
1 |
0 |
|a Alycol superal - nová nízkotuhnúca zmes
|c Karol Fančovič
|
| 300 |
|
|
|b Obr. 6, tab. 3
|
| 650 |
0 |
7 |
|a Alycol superal (kvapalina nízkotuhnúca)
|2 snkbucl
|9 1393490
|
| 655 |
|
7 |
|a články z novín a časopisov
|2 snkbucl
|9 267496
|
| 773 |
0 |
|
|t Ropa a uhlie. Slovnaft dnes
|g Roč. 37, č. 3 (1995), s. 274-280
|x 1335-1141
|
| 850 |
|
|
|a Slovenská národná knižnica
|
| 852 |
|
|
|a Slovenská národná knižnica
|
| 958 |
|
|
|a article14
|
| 958 |
|
|
|a OND
|
| 958 |
|
|
|a RK
|
| 958 |
|
|
|a EUIPO
|
| 992 |
|
|
|a RBX
|
| 999 |
|
|
|c 2834751
|d 2836681
|